| 000 | 01063cam a2200349 i 4500 | ||
|---|---|---|---|
| 999 |
_c200447194 _d65406 |
||
| 001 | 12566964 | ||
| 003 | TR-AnTOB | ||
| 005 | 20240824073710.0 | ||
| 007 | ta | ||
| 008 | 010829s2001 fr b b i000 0 eng d | ||
| 010 | _a 2001438146 | ||
| 020 | _a9264186735 | ||
| 035 | _a(OCoLC)ocm47860299 | ||
| 040 |
_aIL# _beng _erda _cIL# _dDLC _dTR-AnTOB |
||
| 041 | 0 | _aeng | |
| 043 | _ae-un--- | ||
| 050 | 0 | 0 |
_aHG5580.9.A3 _bI58 2001 |
| 090 |
_aTOBBK HG5580.9.A3 _bI58 2001 |
||
| 245 | 0 | 0 |
_aInvestment policy review : _bUkraine / _cOrganisation for Economic Co-operation and Development. |
| 246 | 3 | 0 | _aUkraine |
| 264 | 1 |
_aParis : _bOECD, _c2001. |
|
| 300 |
_a112 pages ; _c23 cm |
||
| 336 |
_atext _btxt _2rdacontent |
||
| 337 |
_aunmediated _bn _2rdamedia |
||
| 338 |
_avolume _bnc _2rdacarrier |
||
| 650 | 0 |
_aInvestments, Foreign _zUkraine. _9121108 |
|
| 650 | 0 |
_aFinance _zUkraine. _9107496 |
|
| 710 | 2 |
_aOrganisation for Economic Co-operation and Development _933753 |
|
| 942 |
_2z _cBK |
||